Łotewscy sportowcy - nagła śmierć - Statystyki

Ogólne statystyki
  • Ten quiz został rozwiązany 30 razy
  • Średni wynik to 7 z 10
Answers on the Grid
Answers color-coded by a green-red scale on the quiz's grid according to % correct below.
Artjoms Rudņevs
Sami Hyypiä
Jelena Ostapenko
Miralem Pjanić
Janne Ahonen
Bogdan Racovițan
Vladislavs Gutkovskis
Mārtiņš Dukurs
Alexander Isak
Deniss Rakels
Žydrūnas Savickas
Arvydas Novikovas
Eduards Višņakovs
Aksel Lund Svindal
Kristaps Porziņģis
Kasper Schmeichel
Mairis Briedis
Aron Gunnarsson
Aleksandrs Samoilovs
Jānis Lūsis
 
Statystyki odpowiedzi
Odpowiedź % Poprawnych
Artjoms Rudņevs
96%
Vladislavs Gutkovskis
91%
Jelena Ostapenko
83%
Mārtiņš Dukurs
65%
Eduards Višņakovs
61%
Kristaps Porziņģis
57%
Aleksandrs Samoilovs
52%
Deniss Rakels
52%
Jānis Lūsis
52%
Mairis Briedis
43%
Nie znaleziono quizów pasujących do podanych kryteriów
Rozkład punktacji
Procent ludzi z każdym wynikiem
Percentyl według liczby udzielonych odpowiedzi
Twoja historia wyników
Nie rozwiązałeś tego quizu